[Event "51st Canadian Open 2014"]
[Site "Montreal CAN"]
[Date "2014.07.25"]
[Round "8.6"]
[White "Fedorowicz, John P"]
[Black "Xiong, Jeffery"]
[Result "1/2-1/2"]
[WhiteTitle "GM"]
[BlackTitle "IM"]
[WhiteElo "2422"]
[BlackElo "2441"]
[WhiteFideId "2000083"]
[BlackFideId "2047640"]
[EventDate "2014.07.19"]

1. e4 c5 2. Nf3 d6 3. d4 cxd4 4. Nxd4 Nf6 5. Nc3 a6 6. g3 e5 7. Nb3 Be7 8. Bg2
O-O 9. O-O Bg4 10. Bf3 Be6 11. Re1 Nbd7 12. a4 Qc7 13. Nd2 Rac8 14. Nf1 Nb8 15.
Bg2 a5 16. Ne3 Na6 17. g4 Nb4 18. g5 Ne8 19. Nb5 Qd8 20. c3 Na6 21. h4 Nec7 22.
Nxc7 Nxc7 23. Nf5 Na6 24. Be3 Re8 25. Qd2 Bf8 26. Bf1 g6 27. Ng3 Nc5 28. Bxc5
Rxc5 29. Bb5 Re7 30. Rad1 Rec7 31. Qe3 h6 32. Rd3 hxg5 33. Qxg5 Be7 34. Qd2 Bxh4
35. Rxd6 Qe7 36. Kg2 Bg5 37. Qd3 Bc4 38. Bxc4 Rxc4 39. Ra1 Bh4 40. Rd5 b6 41.
Qe3 Qf6 42. Rh1 Bg5 43. Qd3 R7c6 44. Rd7 Bh4 45. Qd2 Kg7 46. Qd5 R4c5 47. Qd2
Rc4 48. Qd5 R4c5 49. Qd2 Rc4 1/2-1/2

[Event "51st Canadian Open 2014"]
[Site "Montreal CAN"]
[Date "2014.07.25"]
[Round "8.7"]
[White "Cao, Jason"]
[Black "Vera Gonzalez-Quevedo, Reynaldo"]
[Result "1/2-1/2"]
[WhiteTitle "FM"]
[BlackTitle "GM"]
[WhiteElo "2177"]
[BlackElo "2468"]
[WhiteFideId "2611112"]
[BlackFideId "3500055"]
[EventDate "2014.07.19"]

1. e4 c5 2. Nf3 e6 3. d4 cxd4 4. Nxd4 Nf6 5. Nc3 d6 6. Be3 Be7 7. f3 Nc6 8. Qd2
O-O 9. O-O-O d5 10. exd5 Nxd5 11. Nxd5 Qxd5 12. c4 Qd6 13. Nxc6 Qxc6 14. Qc2 e5
15. Bd3 f5 16. Rhe1 Bh4 17. g3 Bf6 18. Bxf5 Bxf5 19. Qxf5 Qxc4+ 20. Kb1 Rad8 21.
Qc2 Qxc2+ 22. Kxc2 a6 23. Kb3 Kf7 24. Kb4 Ke6 25. Bc5 Rfe8 26. Ka5 Rxd1 27. Rxd1
Rd8 28. Rxd8 Bxd8+ 29. Bb6 Be7 30. Bc7 Bc5 31. b4 Bd4 32. b5 axb5 33. Kxb5 Kd5
34. Bb6 h5 35. h3 g6 36. a4 Bc3 37. Bc7 Bd4 38. Bb6 Bc3 39. Bd8 Bd4 40. Bb6 1/2-1/2

[Event "51st Canadian Open 2014"]
[Site "Montreal CAN"]
[Date "2014.07.25"]
[Round "8.8"]
[White "Sevian, Samuel"]
[Black "Perez Garcia, Rodney Oscar"]
[Result "1-0"]
[WhiteTitle "IM"]
[BlackTitle "IM"]
[WhiteElo "2464"]
[BlackElo "2357"]
[WhiteFideId "2040506"]
[BlackFideId "3500918"]
[EventDate "2014.07.19"]

1. Nf3 d5 2. g3 Nf6 3. Bg2 e6 4. O-O Be7 5. d3 O-O 6. Nbd2 c5 7. e4 Nc6 8. e5
Nd7 9. Re1 b5 10. Nf1 a5 11. h4 b4 12. h5 h6 13. N1h2 Re8 14. Bf4 Ba6 15. Qd2
Bf8 16. Bh3 a4 17. g4 Qc7 18. Bg3 Be7 19. Re2 c4 20. Ree1 cxd3 21. cxd3 Nc5 22.
Bf1 Qd8 23. Rac1 d4 24. g5 hxg5 25. h6 gxh6 26. Ng4 Kg7 27. Nf6 Rh8 28. Nxg5
hxg5 29. Qxg5+ Kf8 30. Bg2 Nxd3 31. Bxc6 Nxe1 32. Rxe1 Rc8 33. Re4 Rxc6 34. Rh4
Rc1+ 35. Qxc1 Bxf6 36. Qc5+ Ke8 37. Qc6+ Qd7 38. Qxd7+ Kxd7 39. Rxd4+ Kc8 40.
exf6 Bb7 41. Rc4+ Kd8 42. f3 Bxf3 43. Rxb4 Kd7 44. Rxa4 Ra8 45. Rxa8 Bxa8 46.
Kf2 Bd5 47. b3 Be4 48. Ke3 Bb1 49. Kd2 Kc6 50. a4 Kd5 51. Kc3 e5 52. b4 e4 53.
b5 e3 54. Kb4 e2 55. a5 Bd3 56. a6 Ke6 57. Ka5 Kd7 58. b6 1-0

[Event "51st Canadian Open 2014"]
[Site "Montreal CAN"]
[Date "2014.07.25"]
[Round "8.9"]
[White "Gerzhoy, Leonid"]
[Black "Rodriguez, Adrien"]
[Result "1-0"]
[WhiteTitle "IM"]
[WhiteElo "2481"]
[BlackElo "2203"]
[WhiteFideId "2806126"]
[BlackFideId "20691866"]
[EventDate "2014.07.19"]

1. Nf3 c5 2. c4 Nc6 3. d4 cxd4 4. Nxd4 Nf6 5. Nc3 d6 6. e4 g6 7. Be2 Bg7 8. Be3
O-O 9. O-O Bd7 10. Qd2 Nxd4 11. Bxd4 Bc6 12. f3 Qa5 13. a3 Nd7 14. Bxg7 Kxg7 15.
b4 Qb6+ 16. c5 dxc5 17. b5 c4+ 18. Kh1 Nc5 19. bxc6 Nb3 20. Qe1 Nxa1 21. cxb7
Qxb7 22. Qxa1 Rfc8 23. Nd5+ f6 24. Rb1 Qd7 25. Qc3 Rab8 26. Rxb8 Rxb8 27. g4 Rb3
28. Qxc4 Rxa3 29. Kg2 Qd6 30. h4 Qe6 31. g5 h6 32. gxf6+ exf6 33. Qc7+ Qf7 34.
Ne7 Ra2 35. Kf1 h5 36. Nf5+ gxf5 37. Qxf7+ Kxf7 38. Bc4+ Ke7 39. Bxa2 fxe4 40.
f4 a5 41. Bb3 f5 42. Ke2 Kf6 43. Kd2 Kg7 44. Bd1 1-0

[Event "51st Canadian Open 2014"]
[Site "Montreal CAN"]
[Date "2014.07.25"]
[Round "8.10"]
[White "Masse, Hugues"]
[Black "Cheng, Bindi"]
[Result "0-1"]
[BlackTitle "IM"]
[WhiteElo "2202"]
[BlackElo "2410"]
[WhiteFideId "2604264"]
[BlackFideId "2682249"]
[EventDate "2014.07.19"]

1. d4 Nf6 2. c4 g6 3. g3 Bg7 4. Bg2 O-O 5. Nc3 c5 6. d5 d6 7. Nf3 Na6 8. O-O Nc7
9. e4 Nd7 10. Re1 Rb8 11. Bf1 e5 12. dxe6 Nxe6 13. Qxd6 Ne5 14. Qxb8 Nxf3+ 15.
Kh1 Nxe1 16. Qxa7 Nc2 17. Rb1 Bxc3 18. bxc3 Qd1 19. Kg1 Ned4 20. Qb6 Ne2+ 21.
Kg2 Nxc1 22. Qb2 Bh3+ 23. Kxh3 Qxf1+ 24. Kh4 Qxf2 25. Rxc1 Qxh2+ 0-1

[Event "51st Canadian Open 2014"]
[Site "Montreal CAN"]
[Date "2014.07.25"]
[Round "8.11"]
[White "Perez Rodriguez, Luis Manuel"]
[Black "Humphreys, Michael"]
[Result "0-1"]
[WhiteTitle "GM"]
[BlackTitle "FM"]
[WhiteElo "2387"]
[BlackElo "2129"]
[WhiteFideId "3503364"]
[BlackFideId "2607522"]
[EventDate "2014.07.19"]

1. e4 e6 2. d4 d5 3. Nd2 Nf6 4. e5 Nfd7 5. f4 c5 6. Ngf3 Nc6 7. Nb3 c4 8. Nbd2
Qa5 9. c3 b5 10. Be2 b4 11. Nb1 Nb6 12. O-O Na4 13. Qc2 Rb8 14. Bd1 Nc5 15. dxc5
Bxc5+ 16. Kh1 b3 17. Qe2 Qxa2 18. Rxa2 bxa2 19. Ba4 axb1=Q 20. Bxc6+ Bd7 21.
Bxd7+ Kxd7 22. Ng5 Qd3 23. Qe1 Rhf8 24. f5 h6 25. Nh3 g5 26. f6 Rb6 27. Nf2 Qc2
28. Be3 Rc8 29. h4 Rxb2 30. Bxc5 Rxc5 31. hxg5 hxg5 32. Qe3 Rc7 33. Qxg5 Rb1 34.
Rxb1 Qxb1+ 35. Kh2 Qf5 36. Qe3 Qh7+ 37. Kg1 Rb7 38. g4 Kc6 39. Kg2 Qh4 40. Qe1
Rb3 41. Qa1 Rb6 42. Qc1 Kb7 43. Qa1 Rb3 44. Qc1 Rb5 45. Qe3 Rb2 46. Kf3 Rxf2+
47. Qxf2 Qxf2+ 48. Kxf2 Kc6 49. Ke3 Kd7 50. Kd4 Ke8 0-1

[Event "51st Canadian Open 2014"]
[Site "Montreal CAN"]
[Date "2014.07.25"]
[Round "8.12"]
[White "Taborsky, Rostislav"]
[Black "Sapozhnikov, Roman"]
[Result "1-0"]
[WhiteTitle "FM"]
[BlackTitle "FM"]
[WhiteElo "2193"]
[BlackElo "2299"]
[WhiteFideId "307491"]
[BlackFideId "2601842"]
[EventDate "2014.07.19"]

1. d4 Nf6 2. c4 g6 3. Nc3 Bg7 4. e4 d6 5. Be2 O-O 6. Bg5 Nbd7 7. Qd2 Re8 8. Nf3
c6 9. O-O e5 10. Rad1 exd4 11. Nxd4 Nc5 12. Bf3 Ncd7 13. Rfe1 Qc7 14. h3 a5 15.
b3 Nc5 16. Bf4 Bf8 17. Nc2 Re6 18. Nd4 Re8 19. Bh6 Bxh6 20. Qxh6 Re5 21. Qd2 Be6
22. Nc2 Rd8 23. Qd4 Bc8 24. Ne3 Ne6 25. Qd2 Ng5 26. Ng4 Bxg4 27. hxg4 Qe7 28.
Qd4 Ne6 29. Qd2 Rg5 30. Nd5 cxd5 31. exd5 Nxg4 32. dxe6 fxe6 33. Rxe6 Ne5 34.
Bd5 Nf3+ 35. Bxf3 Qxe6 36. Qxg5 1-0

[Event "51st Canadian Open 2014"]
[Site "Montreal CAN"]
[Date "2014.07.25"]
[Round "8.13"]
[White "Gentes, Kevin"]
[Black "Foisor, Sabina-Francesca"]
[Result "1/2-1/2"]
[WhiteTitle "FM"]
[BlackTitle "WGM"]
[WhiteElo "2261"]
[BlackElo "2234"]
[WhiteFideId "2601109"]
[BlackFideId "1212915"]
[EventDate "2014.07.19"]

1. Nf3 c5 2. g3 g6 3. Bg2 Bg7 4. O-O Nc6 5. c3 d6 6. d4 cxd4 7. cxd4 Qb6 8. e3
Nf6 9. Nc3 O-O 10. d5 Na5 11. h3 Bf5 12. Nd4 Rac8 13. Nxf5 gxf5 14. Qd3 e6 15.
dxe6 fxe6 16. e4 fxe4 17. Nxe4 Nc4 18. Rb1 Nxe4 19. Qxe4 d5 20. Qg4 Kh8 21. b3
Ne5 22. Qe2 d4 23. Ba3 d3 24. Qe4 Rf5 25. Qxb7 Qxb7 26. Bxb7 Rc2 27. Be4 Rf7 28.
f4 Rxa2 29. Bb2 Nf3+ 30. Rxf3 Bxb2 31. Rxd3 e5 32. b4 Rc7 33. Bd5 Ra1 34. Rxa1
Bxa1 35. f5 Kg7 36. Kg2 Kf6 37. g4 h5 38. Kf3 Rc3 1/2-1/2

[Event "51st Canadian Open 2014"]
[Site "Montreal CAN"]
[Date "2014.07.25"]
[Round "8.15"]
[White "Pina Vega, Sulennis"]
[Black "Villavieja, Butch"]
[Result "0-1"]
[WhiteTitle "WGM"]
[WhiteElo "2317"]
[BlackElo "2158"]
[WhiteFideId "3503151"]
[BlackFideId "5204461"]
[EventDate "2014.07.19"]

1. e4 c5 2. Nf3 d6 3. Bb5+ Nd7 4. c3 Nf6 5. Qe2 a6 6. Bd3 e6 7. O-O Be7 8. Bc2
b5 9. d4 Bb7 10. a4 cxd4 11. cxd4 O-O 12. a5 Rc8 13. Bd3 e5 14. d5 Nc5 15. Bc2
b4 16. Nbd2 Rb8 17. b3 Bc8 18. Nc4 Qc7 19. Rd1 Bg4 20. h3 Bh5 21. Bb2 Qc8 22.
Qe3 Re8 23. Nb6 Qb7 24. g4 Bg6 25. Nd2 Bd8 26. Nbc4 Qe7 27. Rdc1 Rb5 28. f3 Bc7
29. Kg2 Qd8 30. Bd1 Bb8 31. Be2 Ba7 32. Qf2 Rb7 33. Qg3 h5 34. Re1 h4 35. Qh2
Rbe7 36. Bf1 Nh7 37. Kh1 Ng5 38. Qe2 Rc7 39. Bg2 Nh7 40. Reb1 Rb7 41. Bc1 Qe7
42. Nb2 Nf8 43. Nd3 Nfd7 44. Ne1 Rb5 45. Nc4 Rc8 46. Bd2 Bh7 47. Nc2 Rcb8 48.
Bf1 g5 49. Qe1 Qf6 50. Kg2 Nxe4 51. Be3 Bxe3 52. N4xe3 Nc3 53. Bxb5 Rxb5 54. Qd2
Nxb1 55. Rxb1 Qf4 56. Qf2 Nc5 57. Nf1 Rxa5 58. Rd1 Ra2 59. Nfe3 Nd3 60. Qe2 Qg3+
61. Kf1 Qxh3+ 62. Kg1 Qg3+ 63. Kf1 Nf4 0-1

[Event "51st Canadian Open 2014"]
[Site "Montreal CAN"]
[Date "2014.07.25"]
[Round "8.16"]
[White "Leveille, Francois"]
[Black "Rey, Fabrice"]
[Result "1-0"]
[WhiteTitle "FM"]
[WhiteElo "2281"]
[BlackElo "2152"]
[WhiteFideId "2600307"]
[BlackFideId "606820"]
[EventDate "2014.07.19"]

1. Nf3 d5 2. g3 Nf6 3. Bg2 Bg4 4. c4 c6 5. Qb3 Qb6 6. O-O Nbd7 7. d4 e6 8. Nc3
Be7 9. Bf4 O-O 10. c5 Qxb3 11. axb3 Ne4 12. b4 Bf6 13. Rfe1 Bxf3 14. exf3 Nxc3
15. bxc3 Rfe8 16. Bh3 a6 17. Ra2 Nf8 18. Bc7 Rac8 19. Ba5 g5 20. Bg4 Kg7 21.
Rae2 Ng6 22. Kg2 Re7 23. h4 gxh4 24. f4 Rce8 25. Kf3 hxg3 26. fxg3 Nf8 27. Bh3
Kg8 28. Rh1 Bg7 29. Reh2 f6 30. Re2 e5 31. Rhe1 e4+ 32. Ke3 Kf7 33. Bf5 Ng6 34.
Rh2 h6 35. Bg4 Rg8 36. Bh5 f5 37. g4 Kf6 38. g5+ hxg5 39. fxg5+ Kf7 40. Rf1 Re6
41. Rxf5+ Ke7 42. Bc7 Kd7 43. Bd6 Ne7 44. Rf7 Rxd6 45. cxd6 Kxd6 46. Bg4 Bf8 47.
Rhh7 b6 48. Rf6+ Kc7 49. Rxf8 Rxf8 50. Rxe7+ Kd8 51. Ra7 Rf1 52. g6 Rg1 53. Kf4
e3 54. g7 1-0

[Event "51st Canadian Open 2014"]
[Site "Montreal CAN"]
[Date "2014.07.25"]
[Round "8.18"]
[White "Zhou, Qiyu"]
[Black "Ramachandran, Karthik N"]
[Result "1/2-1/2"]
[WhiteTitle "WCM"]
[WhiteElo "2029"]
[BlackElo "2153"]
[WhiteFideId "505161"]
[BlackFideId "2005115"]
[EventDate "2014.07.19"]

1. e4 c6 2. d4 d5 3. e5 Bf5 4. Nf3 e6 5. Be2 c5 6. Be3 cxd4 7. Nxd4 Ne7 8. c4
dxc4 9. Bxc4 Nbc6 10. O-O Nxd4 11. Bxd4 Nc6 12. Bc3 Qxd1 13. Rxd1 Bc5 14. Nd2
O-O-O 15. Nf3 Bg4 16. Kf1 Bxf3 17. gxf3 Bd4 18. Bxd4 Rxd4 19. Rxd4 Nxd4 20. f4
Rd8 21. Rc1 Kb8 22. Bd3 h6 23. Be4 f5 24. exf6 gxf6 25. Rc3 f5 26. Bg2 Rc8 27.
Rxc8+ Kxc8 28. Ke1 Kc7 29. Kd2 b6 30. Kd3 Nb5 31. Kc4 Nd6+ 32. Kd4 Nf7 33. Bf3
Kd6 34. Bh5 Nd8 35. Bf3 Nf7 36. Bh5 1/2-1/2

[Event "51st Canadian Open 2014"]
[Site "Montreal CAN"]
[Date "2014.07.25"]
[Round "8.19"]
[White "Ruiz Sanchez, Orlen"]
[Black "Kleinplatz, Sam"]
[Result "1-0"]
[WhiteTitle "IM"]
[BlackTitle "FM"]
[WhiteElo "2465"]
[BlackElo "2257"]
[WhiteFideId "3506231"]
[BlackFideId "616680"]
[EventDate "2014.07.19"]

1. e4 d5 2. exd5 Nf6 3. d4 Nxd5 4. Nf3 g6 5. c4 Nb6 6. a4 a5 7. Nc3 Bg7 8. c5
Nd5 9. Bc4 c6 10. Qb3 O-O 11. Nxd5 cxd5 12. Bxd5 Nc6 13. Be3 e5 14. Nxe5 Nxe5
15. dxe5 Bxe5 16. Bh6 Bg7 17. Bxg7 Re8+ 18. Kf1 Kxg7 19. Bxf7 Rf8 20. Bd5 h6 21.
h4 Rf5 22. Qc3+ Kh7 23. Be4 Rf4 24. Qc2 Ra6 25. c6 Rxe4 26. Qxe4 Bf5 27. Qf4
Rxc6 28. Rc1 Rd6 29. Kg1 h5 30. Kh2 Rd7 31. Rhe1 Qf6 32. Rc7 1-0

[Event "51st Canadian Open 2014"]
[Site "Montreal CAN"]
[Date "2014.07.25"]
[Round "8.20"]
[White "Fleites Marti, Yuleikys"]
[Black "Zhang, Yuanchen"]
[Result "1/2-1/2"]
[WhiteTitle "WIM"]
[BlackTitle "FM"]
[WhiteElo "2163"]
[BlackElo "2170"]
[WhiteFideId "3502759"]
[BlackFideId "2611902"]
[EventDate "2014.07.19"]

1. e4 e5 2. Bc4 Nf6 3. Nc3 Nc6 4. d3 Bc5 5. f4 d6 6. Nf3 a6 7. f5 b5 8. Bb3 Bb7
9. Qe2 Nd4 10. Nxd4 Bxd4 11. Be3 Qe7 12. O-O c5 13. Rab1 O-O 14. Kh1 Rad8 15.
Nd5 Bxd5 16. Bxd5 Bxe3 17. Qxe3 Rfe8 18. Bc6 Rf8 19. Bd5 Rc8 20. c4 Rfe8 21. b3
Nxd5 22. exd5 Qh4 23. Rbe1 f6 24. Qf3 Qd4 25. Re4 Qb2 26. Qh5 Re7 27. Rh4 h6 28.
Qg6 Kf8 29. Qh7 Ke8 30. h3 Qe2 31. Kg1 Kd7 32. Rg4 g5 33. Qxh6 Rf7 34. Rf3 Rg8
35. Qh5 Rfg7 36. Qh6 Rf7 37. Qh5 Rfg7 38. Qh6 Rf7 39. Qh5 Rfg7 1/2-1/2

[Event "51st Canadian Open 2014"]
[Site "Montreal CAN"]
[Date "2014.07.25"]
[Round "8.21"]
[White "Poulin, Maurice"]
[Black "Tang, Edward"]
[Result "1-0"]
[WhiteElo "1989"]
[BlackElo "2161"]
[WhiteFideId "2603225"]
[BlackFideId "2610892"]
[EventDate "2014.07.19"]

1. e4 e5 2. Nf3 Nc6 3. c3 d5 4. Bb5 dxe4 5. Nxe5 Qd5 6. Qa4 Ne7 7. Nxc6 Nxc6 8.
O-O Bd7 9. Re1 O-O-O 10. Bc4 Qh5 11. Be2 Qg6 12. Bf1 Bc5 13. Qc4 Qf5 14. d4 exd3
15. Be3 Bxe3 16. Rxe3 Be6 17. Bxd3 Qg5 18. Qa4 Bd5 19. Bf1 Rhe8 20. Rxe8 Rxe8
21. Na3 a6 22. c4 Be6 23. Rd1 Qe5 24. Rd2 Qe1 25. Rd1 Qe5 26. Rd2 Qe1 27. Qd1
Qxd1 28. Rxd1 Nb4 29. f4 Nxa2 30. Nc2 Bf5 31. Rd2 Rd8 32. Re2 Rd1 33. Ne3 1-0

[Event "51st Canadian Open 2014"]
[Site "Montreal CAN"]
[Date "2014.07.26"]
[Round "9.1"]
[White "Moradiabadi, Elshan"]
[Black "Ghaem Maghami, Ehsan"]
[Result "1/2-1/2"]
[WhiteTitle "GM"]
[BlackTitle "GM"]
[WhiteElo "2593"]
[BlackElo "2586"]
[WhiteFideId "12501255"]
[BlackFideId "12500739"]
[EventDate "2014.07.19"]

1. d4 Nf6 2. c4 e6 3. Nc3 Bb4 4. e3 c5 5. Bd3 d5 6. Nf3 O-O 7. a3 cxd4 8. axb4
dxc3 9. cxd5 exd5 10. bxc3 Bg4 11. Be2 Qc7 12. Bb2 Nc6 13. O-O Rfd8 14. b5 Ne5
15. Ba3 Nc4 16. Qd4 h6 17. Bc5 b6 18. Bb4 Re8 19. h3 Bd7 20. Bxc4 Qxc4 21. Qxc4
dxc4 22. Nd4 Nd5 23. Rfb1 Bc8 24. Nc6 a5 25. bxa6 Rxa6 26. Rxa6 Bxa6 27. Rd1 Bb7
28. Rxd5 Bxc6 29. Rd6 Re6 30. Rd8+ Re8 1/2-1/2

[Event "51st Canadian Open 2014"]
[Site "Montreal CAN"]
[Date "2014.07.26"]
[Round "9.2"]
[White "Van Kampen, Robin"]
[Black "Sambuev, Bator"]
[Result "1/2-1/2"]
[WhiteTitle "GM"]
[BlackTitle "GM"]
[WhiteElo "2636"]
[BlackElo "2526"]
[WhiteFideId "1020854"]
[BlackFideId "4128290"]
[EventDate "2014.07.19"]

1. e4 e5 2. Nf3 d6 3. d4 Nf6 4. Nc3 Nbd7 5. Bc4 Be7 6. a4 O-O 7. O-O c6 8. Re1
a5 9. h3 Re8 10. Be3 Qc7 11. Ng5 Rf8 12. Ba2 h6 13. Nf3 Re8 14. Nh4 Nf8 15. Qf3
exd4 16. Bxd4 Ne6 17. Be3 Ng5 18. Bxg5 hxg5 19. Nf5 Bd8 20. Ne3 Qe7 21. Rad1 Bc7
22. Re2 g6 23. Red2 Kg7 24. Rd4 Rh8 25. Qe2 Nh5 26. Qf3 Nf4 27. Ne2 Rh4 28. Ng3
Qf6 29. Kf1 Ne6 30. Qxf6+ Kxf6 31. Bxe6 Bxe6 32. b3 Ke7 33. R4d3 Rd8 34. Re1 Kf8
35. Red1 Kg7 36. Re1 Kf8 37. Red1 Rf4 38. f3 Rh4 39. Ne2 f6 40. Nd4 Bf7 41. Ne2
Ke7 42. Nd4 Rhh8 43. Ne2 Rhe8 44. Nd4 Kf8 45. Ne2 Rd7 46. Nc3 Be6 47. g4 Rh7 48.
Kg2 Ke7 49. Ne2 Reh8 50. Rh1 Bb6 51. Nc4 Bc7 52. Ne3 Rf8 53. Re1 Rfh8 54. Rh1
Ra8 55. Rhd1 Rf7 56. Nd4 Bd7 57. Nc4 Rd8 58. Ne3 Rh8 59. Nc4 Rfh7 60. Rh1 Bc8
61. Ne3 Rd8 62. Rhd1 Kf8 63. Ne2 Be6 64. Nd4 Bg8 65. Ne2 Re7 66. Nc3 Re5 67.
R1d2 Rde8 68. Ncd1 Rc5 69. Kf1 Be6 70. Kg2 f5 71. gxf5 gxf5 72. Nxf5 Bxf5 73.
exf5 Rxf5 74. c4 Rfe5 75. Nc3 Re1 76. Ne4 Rb1 77. Rd1 Rxd1 78. Rxd1 Re5 79. Nxd6
Re2+ 80. Kg3 Re3 81. Kg4 Rxb3 82. Ne4 Ra3 83. Rd7 Be5 84. Rxb7 Rxa4 85. Kf5 Ba1
86. c5 Rc4 87. Ra7 a4 88. Kxg5 Bb2 89. Kg6 a3 90. Rf7+ Kg8 91. Ra7 Kf8 92. Rf7+
Kg8 93. Ra7 Kf8 1/2-1/2

[Event "51st Canadian Open 2014"]
[Site "Montreal CAN"]
[Date "2014.07.26"]
[Round "9.5"]
[White "De Firmian, Nick E"]
[Black "Cao, Jason"]
[Result "1-0"]
[WhiteTitle "GM"]
[BlackTitle "FM"]
[WhiteElo "2509"]
[BlackElo "2177"]
[WhiteFideId "2000105"]
[BlackFideId "2611112"]
[EventDate "2014.07.19"]

1. e4 c5 2. Nf3 d6 3. d4 cxd4 4. Nxd4 Nf6 5. Nc3 a6 6. a4 e5 7. Nf3 Be7 8. Bc4
Be6 9. Ba2 O-O 10. O-O h6 11. Re1 Nbd7 12. a5 Rc8 13. Be3 Qc7 14. h3 Nc5 15. Nd2
Rfd8 16. Qf3 Rb8 17. Rec1 Rbc8 18. b4 Bxa2 19. Nxa2 Ncd7 20. c4 b6 21. axb6 Nxb6
22. Nc3 Qb7 23. Qe2 Rc7 24. b5 axb5 25. Nxb5 Rcd7 26. Rcb1 Qb8 27. Na7 Rxa7 28.
Rxa7 Qxa7 29. Bxb6 Qd7 30. Bxd8 Bxd8 31. Qd3 Ba5 32. Nf1 Qc6 33. Ne3 Bb6 34. Nf5
Qc5 35. Rb2 Ne8 36. Qb3 Ba7 37. Kh2 Nf6 38. Qb7 h5 39. Ra2 Bb6 40. Ra8+ Kh7 41.
Qxf7 1-0

[Event "51st Canadian Open 2014"]
[Site "Montreal CAN"]
[Date "2014.07.26"]
[Round "9.6"]
[White "Xiong, Jeffery"]
[Black "Sevian, Samuel"]
[Result "1/2-1/2"]
[WhiteTitle "IM"]
[BlackTitle "IM"]
[WhiteElo "2441"]
[BlackElo "2464"]
[WhiteFideId "2047640"]
[BlackFideId "2040506"]
[EventDate "2014.07.19"]

1. e4 e5 2. Nf3 Nc6 3. Bb5 a6 4. Ba4 Nf6 5. O-O Be7 6. Re1 b5 7. Bb3 d6 8. c3
O-O 9. d4 Bg4 10. Be3 Bh5 11. Nbd2 d5 12. Bg5 dxe4 13. Nxe4 exd4 14. Ng3 Bg6 15.
cxd4 h6 16. Rc1 Na5 17. Ne5 Bh7 18. Bd2 b4 19. Bxf7+ Rxf7 20. Qa4 c5 21. Nxf7
Kxf7 22. Rxe7+ Kxe7 23. Rxc5 Nb7 24. Re5+ Kf8 25. Qxb4+ Nd6 26. Re6 Ne8 27. Bf4
Rb8 28. Rxd6 Rxb4 29. Rxd8 Rxb2 30. h4 Rxa2 31. d5 Ra1+ 32. Kh2 Ke7 33. Ra8 Ra4
34. Ra7+ Kd8 35. Nh5 Bg8 36. Kg3 g6 37. Ng7 Bxd5 38. Nxe8 Kxe8 39. Bxh6 Ra2 40.
Be3 a5 41. Bc5 a4 42. Re7+ Kd8 43. Rg7 Be4 44. Kf4 Bd3 45. g4 Rc2 46. Bd4 Re2
47. Kg5 a3 48. Ra7 a2 49. h5 gxh5 50. gxh5 Bb1 51. h6 Rd2 52. Bf6+ Ke8 53. h7
Bxh7 54. Re7+ Kf8 55. Rxh7 Rxf2 56. Ra7 Ke8 57. Kg6 Rf1 58. Rxa2 Kd7 59. Re2 Rd1
60. Kf5 Kd6 61. Ke4 Rb1 62. Bc3 Rh1 63. Be1 Rg1 64. Bf2 Rb1 65. Ra2 Rc1 66. Ra6+
Rc6 67. Ra5 Rc1 68. Rh5 Rf1 69. Rh6+ Ke7 70. Bd4 Re1+ 71. Kd5 Rd1 72. Rh7+ Kd8
73. Ra7 Rd2 74. Ke4 Kc8 75. Be5 Rd7 76. Ra1 Kb7 77. Rc1 Rh7 78. Kd5 Rh5 79. Rb1+
Ka6 80. Rb8 Ka5 81. Re8 Kb5 82. Rb8+ Ka5 83. Kd4 Rg5 84. Bf6 Rf5 85. Bd8+ Ka4
86. Bc7 Rh5 87. Bg3 Rg5 88. Bf2 Rb5 89. Ra8+ Ra5 90. Rc8 Rb5 91. Be1 Kb3 92.
Rc3+ Kb2 93. Rh3 Rb8 94. Bc3+ Kb3 95. Kd3 Rg8 96. Bd4 Kb4 97. Rh6 Rg3+ 98. Be3
Kb3 99. Rb6+ Ka3 100. Kd4 Rh3 101. Bd2 Rb3 102. Ra6+ Kb2 103. Be3 Rb8 104. Kd3
Rb3+ 105. Ke4 Rb8 106. Bd4+ Kb3 107. Kd3 Rb7 108. Ra1 Rb4 1/2-1/2

[Event "51st Canadian Open 2014"]
[Site "Montreal CAN"]
[Date "2014.07.26"]
[Round "9.7"]
[White "Cheng, Bindi"]
[Black "Fedorowicz, John P"]
[Result "1/2-1/2"]
[WhiteTitle "IM"]
[BlackTitle "GM"]
[WhiteElo "2410"]
[BlackElo "2422"]
[WhiteFideId "2682249"]
[BlackFideId "2000083"]
[EventDate "2014.07.19"]

1. Nf3 c5 2. c4 Nc6 3. Nc3 g6 4. e3 Nf6 5. d4 cxd4 6. exd4 d5 7. cxd5 Nxd5 8.
Qb3 e6 9. Bg5 Be7 10. Bh6 Bf8 11. Bg5 Be7 12. Bh6 1/2-1/2

[Event "51st Canadian Open 2014"]
[Site "Montreal CAN"]
[Date "2014.07.26"]
[Round "9.8"]
[White "Vera Gonzalez-Quevedo, Reynaldo"]
[Black "Gerzhoy, Leonid"]
[Result "1/2-1/2"]
[WhiteTitle "GM"]
[BlackTitle "IM"]
[WhiteElo "2468"]
[BlackElo "2481"]
[WhiteFideId "3500055"]
[BlackFideId "2806126"]
[EventDate "2014.07.19"]

1. d4 Nf6 2. c4 g6 3. Nc3 Bg7 4. e4 d6 5. Nf3 O-O 6. Be2 e5 7. O-O Nc6 8. Be3
Re8 9. dxe5 dxe5 10. h3 Nh5 11. Nd5 Nf4 12. Re1 Ne6 13. Bf1 Ncd4 14. Nxd4 Nxd4
15. Rc1 c6 16. Nb4 Qa5 17. a3 Be6 18. Bxd4 exd4 19. f4 d3 20. Nxd3 Rad8 21. Qf3
Bxc4 22. Rxc4 Rxd3 23. Qxd3 Qxe1 24. b4 b5 25. Rxc6 Rxe4 26. Rc8+ Re8 27. Rxe8+
Qxe8 28. Kh2 a6 29. g3 h5 30. h4 Qe1 31. Bg2 Qc3 1/2-1/2

[Event "51st Canadian Open 2014"]
[Site "Montreal CAN"]
[Date "2014.07.26"]
[Round "9.9"]
[White "Humphreys, Michael"]
[Black "Taborsky, Rostislav"]
[Result "1/2-1/2"]
[WhiteTitle "FM"]
[BlackTitle "FM"]
[WhiteElo "2129"]
[BlackElo "2193"]
[WhiteFideId "2607522"]
[BlackFideId "307491"]
[EventDate "2014.07.19"]

1. Nf3 c5 2. c4 Nf6 3. Nc3 e6 4. g3 b6 5. Bg2 Bb7 6. O-O Be7 7. d4 cxd4 8. Qxd4
d6 9. Bg5 O-O 10. Rfd1 Nc6 11. Qd2 Qb8 12. Bxf6 Bxf6 13. Qxd6 Qxd6 14. Rxd6 Na5
15. c5 bxc5 16. Nd2 Bxg2 17. Kxg2 Rfd8 18. Rxd8+ Rxd8 19. Nde4 Rb8 20. Nxf6+
gxf6 21. Nd1 Kf8 22. Rc1 c4 23. Rc2 Rd8 24. Ne3 Rd4 25. Kf1 f5 26. Rc3 Ke7 27.
Ra3 Nc6 28. Ke1 f4 29. Nc2 Re4 30. gxf4 Rxf4 31. Rh3 Nd4 32. Nxd4 Rxd4 33. Ra3
Rd7 34. Ra4 Rb7 35. Rxc4 Rxb2 36. Rc7+ Kf6 37. Rxa7 Rb1+ 38. Kd2 Rh1 39. a4 Rxh2
40. Ke3 1/2-1/2